000 00703nam a2200241 i 4500
001 C2-0275860
003 PPAK
005 20180728004519.0
008 061108s2006 my a|||| ||||| | zxx d
020 _a9830616436
040 _aPPAK
_beng
_cPPAK
_erda
082 0 4 _a499.23321927
_223
090 0 0 _a499.23321927
_bMDF
_dRK
100 0 _aMd. Firdaus,
_eauthor
245 1 0 _aKamus bergambar anak bestari
264 1 _aBatu Caves, Selangor :
_bCrescent News ,
_c2006
300 _a113 pages :
_bcolour illustrations ;
_c30 cm
336 _2rdacontent
_atext
337 _2rdamedia
_aunmediated
338 _2rdacarrier
_avolume
650 1 0 _aMalay language - Dictionaries - Arabic.
942 _ddc
_cB
999 _c83461
_d83461